000 00263nam a22001217a 4500
008 181008b xxu||||| |||| 00| 0 eng d
041 _aeng
080 _a617
100 _a6
101 _aANE
245 _aAnesthetic Complications
_cSugioka, K
942 _2udc
_cBK
999 _c49074
_d49074